[Event "Xtracon Chess Open 2016"]
[Site "Elsinore"]
[Date "2016.07.26"]
[Round "5.105"]
[White "Skou, Niels"]
[Black "Kristian, Pade Frederiksen"]
[Result "1-0"]
[WhiteElo "2011"]
[BlackElo "1832"]
[PlyCount "111"]
[EventDate "2016.07.23"]

1. c4 e5 2. Nc3 Nc6 3. g3 g6 4. Bg2 Bg7 5. Nf3 d6 6. d3 Nge7 7. O-O O-O 8. a3
a5 9. Rb1 Be6 10. Ng5 Bd7 11. b4 axb4 12. axb4 h6 13. Nf3 Qc8 14. Re1 f5 15.
Nd2 Nd4 16. e3 Ne6 17. Qb3 c6 18. Bb2 Kh7 19. Ne2 d5 20. Rbc1 d4 21. exd4 c5
22. dxe5 Ba4 23. Qc3 cxb4 24. Qxb4 Nc6 25. Bxc6 bxc6 26. d4 c5 27. Qc3 cxd4 28.
Nxd4 Nxd4 29. Qxd4 Rd8 30. Qe3 Rb8 31. Ba3 Qe6 32. Bd6 Rbc8 33. Ra1 Bc6 34. Ra6
Rd7 35. Rb1 Rb7 36. Rxb7 Bxb7 37. Ra7 Ba8 38. Re7 Qg8 39. Qa7 Bc6 40. Qb6 Kh8
41. Qd4 Re8 42. Rc7 Rc8 43. Qb6 Rxc7 44. Qxc7 Qa8 45. Qb8+ Qxb8 46. Bxb8 Kg8
47. Bd6 Kf7 48. f4 Ke6 49. Kf2 Bf6 50. Nb3 Bd8 51. Nd4+ Kd7 52. Nxc6 Kxc6 53.
Ke3 Ba5 54. Kd4 g5 55. c5 gxf4 56. gxf4 1-0

[Event "Xtracon Chess Open 2016"]
[Site "Elsinore"]
[Date "2016.07.26"]
[Round "5.106"]
[White "Pedersen, Carl Aage"]
[Black "Madsen, Michael Ole"]
[Result "1/2-1/2"]
[WhiteElo "1781"]
[BlackElo "2010"]
[PlyCount "81"]
[EventDate "2016.07.23"]

1. d4 d5 2. c4 c6 3. e3 Bf5 4. Bd3 Bxd3 5. Qxd3 e6 6. Nf3 Nf6 7. Nc3 Nbd7 8.
O-O Bd6 9. b3 O-O 10. Bb2 Re8 11. Rad1 a5 12. a4 Qe7 13. Rd2 Rad8 14. Rfd1 Bb4
15. Re2 e5 16. dxe5 dxc4 17. Qxc4 Nxe5 18. Nxe5 Qxe5 19. Red2 Rxd2 20. Rxd2 Ng4
21. Qxg4 Bxc3 22. Bxc3 Qxc3 23. Qd7 Rb8 24. Qd3 Qb4 25. Kf1 h6 26. Rc2 Qh4 27.
h3 Rd8 28. Qe2 Qb4 29. Qc4 Rd1+ 30. Ke2 Qe1+ 31. Kf3 Rd6 32. Qe2 Rf6+ 33. Kg3
Qg1 34. f4 Rg6+ 35. Kf3 Qb1 36. Qd3 Qe1 37. Rf2 Qb4 38. Rd2 Qc5 39. g4 Re6 40.
Qd8+ Kh7 41. Qd3+ 1/2-1/2

[Event "Xtracon Chess Open 2016"]
[Site "Elsinore"]
[Date "2016.07.26"]
[Round "5.107"]
[White "Schmitt, Carsten"]
[Black "Fridthjofsdottir, Sigurl. Regina"]
[Result "1-0"]
[WhiteElo "2008"]
[BlackElo "1815"]
[PlyCount "99"]
[EventDate "2016.07.23"]

1. c4 e6 2. g3 Nf6 3. Bg2 d5 4. Nf3 Be7 5. O-O O-O 6. b3 c5 7. Bb2 Nc6 8. e3
Qb6 9. d3 Rd8 10. Qe2 Bd7 11. Nc3 a6 12. Rac1 Rac8 13. Rfd1 Qa7 14. cxd5 exd5
15. d4 Be6 16. dxc5 Bxc5 17. Na4 Be7 18. Nd4 Bg4 19. Bf3 Bxf3 20. Qxf3 Ne5 21.
Qf5 Rxc1 22. Rxc1 Ned7 23. Qg5 h6 24. Qh4 Ne5 25. Kg2 Ng6 26. Qh3 Qb8 27. Nf5
b5 28. Nc5 Bxc5 29. Bxf6 gxf6 30. Nxh6+ Kf8 31. Rxc5 Ke8 32. b4 Qe5 33. Qf5
Qxf5 34. Nxf5 Ne5 35. a3 Nc4 36. Rc6 Nxa3 37. Rxa6 Nc2 38. Nd6+ Kf8 39. Nxb5
Nxb4 40. Rxf6 Kg7 41. Rf4 Nd3 42. Rg4+ Kf6 43. h4 Ne5 44. Ra4 Nc4 45. Ra6+ Ke5
46. Nd4 Ke4 47. Ra7 Nd6 48. Ra3 Rb8 49. f3+ Ke5 50. Nc6+ 1-0

[Event "Xtracon Chess Open 2016"]
[Site "Elsinore"]
[Date "2016.07.26"]
[Round "5.108"]
[White "Kalveus, Jan"]
[Black "Krokay, Urszula"]
[Result "0-1"]
[WhiteElo "1773"]
[BlackElo "2003"]
[PlyCount "128"]
[EventDate "2016.07.23"]

1. d4 Nf6 2. Bg5 d5 3. Nf3 Ne4 4. Bf4 Nd7 5. e3 e6 6. Bd3 Ndf6 7. O-O Be7 8.
Ne5 O-O 9. f3 Nd6 10. g4 Nd7 11. c3 f6 12. Nxd7 Bxd7 13. Qc2 f5 14. Nd2 Bg5 15.
Kh1 Bxf4 16. exf4 Qh4 17. Rg1 b6 18. Rg3 c5 19. Rf1 Rf7 20. Qc1 cxd4 21. cxd4
Rc8 22. Qe1 Qf6 23. Qe3 Nc4 24. Nxc4 dxc4 25. Bc2 fxg4 26. Rxg4 Bc6 27. Be4 Bd5
28. Rg3 Rd8 29. Bc2 Bb7 30. Be4 Bxe4 31. fxe4 Qxd4 32. Qxd4 Rxd4 33. Re3 Rd2
34. b3 Rxa2 35. bxc4 Rd7 36. Rg1 Rdd2 37. Rh3 Rf2 38. Rh4 Rac2 39. f5 exf5 40.
exf5 Rxf5 41. Rhg4 g6 42. Rd1 a5 43. Rb1 Rff2 44. h4 Rb2 45. Rd1 Rh2+ 46. Kg1
Rhd2 47. Re1 Re2 48. Rd1 Rbd2 49. Rf1 a4 50. h5 Kg7 51. Ra1 a3 52. hxg6 hxg6
53. c5 bxc5 54. Rc4 a2 55. Rxc5 Rb2 56. Rcc1 Kh6 57. Rd1 g5 58. Rac1 Kh5 59.
Ra1 g4 60. Rac1 Kh4 61. Ra1 Kh3 62. Rac1 Rg2+ 63. Kf1 Rbf2+ 64. Ke1 g3 0-1

[Event "Xtracon Chess Open 2016"]
[Site "Elsinore"]
[Date "2016.07.26"]
[Round "5.110"]
[White "Jensen, Michael Agermose"]
[Black "Rasmussen, Morten(1956)"]
[Result "1-0"]
[WhiteElo "2001"]
[BlackElo "1808"]
[PlyCount "39"]
[EventDate "2016.07.23"]

1. e4 c5 2. Nf3 Nc6 3. d4 cxd4 4. c3 dxc3 5. Nxc3 d6 6. Bc4 a6 7. O-O Nf6 8.
Bf4 Bg4 9. h3 Bh5 10. g4 Bg6 11. Qe2 e6 12. Rfd1 Qb8 13. e5 dxe5 14. Nxe5 Nxe5
15. Bxe5 Qc8 16. Nb5 axb5 17. Bxb5+ Nd7 18. Bxd7+ Qxd7 19. Rxd7 Kxd7 20. Qb5+
1-0

[Event "Xtracon Chess Open 2016"]
[Site "Elsinore"]
[Date "2016.07.26"]
[Round "5.111"]
[White "Schmied, Andreas"]
[Black "Opasiak, Dustin Tennessee"]
[Result "1/2-1/2"]
[WhiteElo "1995"]
[BlackElo "1807"]
[PlyCount "100"]
[EventDate "2016.07.23"]

1. d4 d5 2. Nf3 Bg4 3. Ne5 Be6 4. e3 Nd7 5. Nd3 f6 6. Nd2 Bf7 7. f4 e6 8. Be2
Ne7 9. O-O Nf5 10. Nf3 Be7 11. c3 Nb6 12. Nf2 Qd7 13. Bd3 a6 14. a4 Nd6 15. a5
Nbc8 16. Qc2 Bg8 17. e4 dxe4 18. Nxe4 Nxe4 19. Bxe4 Nd6 20. Bd3 Qc6 21. Nd2
O-O-O 22. Nb3 Nc4 23. Qe2 e5 24. Nd2 Nxd2 25. Bxd2 Bd6 26. fxe5 fxe5 27. Be3
Be6 28. Qc2 exd4 29. Bxd4 Bc5 30. Bxc5 Qxc5+ 31. Kh1 g6 32. b4 Qd6 33. Rad1 Qc6
34. Be4 Qc4 35. Rfe1 Bd5 36. Bxd5 Rxd5 37. Rxd5 Qxd5 38. Rd1 Rf8 39. h3 Qc4 40.
Qd2 Rf1+ 41. Rxf1 Qxf1+ 42. Kh2 Qf7 43. Qd4 c6 44. Qe5 Qc7 45. Qg3 Kd7 46. h4
Qd6 47. Kh3 Qe6+ 48. Kh2 Qd6 49. Kh3 Qe6+ 50. Kh2 Qd6 1/2-1/2

[Event "Xtracon Chess Open 2016"]
[Site "Elsinore"]
[Date "2016.07.26"]
[Round "5.112"]
[White "Andersen, Claus"]
[Black "Kyrkjebo, Hanna Bakken"]
[Result "0-1"]
[WhiteElo "1766"]
[BlackElo "1987"]
[PlyCount "153"]
[EventDate "2016.07.23"]

1. d4 d5 2. c4 c6 3. cxd5 cxd5 4. Nc3 Nf6 5. Bf4 Nc6 6. e3 a6 7. Bd3 Bg4 8.
Nge2 e6 9. f3 Bh5 10. O-O Be7 11. Rc1 O-O 12. Na4 Nd7 13. a3 Bg6 14. b4 Bxd3
15. Qxd3 Nb6 16. Nxb6 Qxb6 17. Nc3 Qd8 18. Na4 Bd6 19. Bxd6 Qxd6 20. Nc5 Qe7
21. Rc3 Na7 22. a4 Nc8 23. b5 a5 24. Qc2 Nd6 25. Rc1 Nc4 26. Nb3 Rac8 27. Nxa5
Nxe3 28. Qb3 Rxc3 29. Qxc3 Nf5 30. Nb3 g6 31. Qc7 Qb4 32. Qc3 Qxa4 33. b6 Qb5
34. Nc5 Rc8 35. Rc2 Qxb6 36. Rb2 Qc6 37. Qb4 Nxd4 38. Nd3 Nf5 39. Qf4 Qc3 40.
Rd2 Qd4+ 41. Qxd4 Nxd4 42. Rb2 Rb8 43. Rb6 Nc6 44. Nc5 Na5 45. Rb5 Nc4 46. Nd7
Ra8 47. Rxb7 Ra1+ 48. Kf2 Ra2+ 49. Kg3 Kg7 50. Nc5 Kf6 51. Nd7+ Kf5 52. Nf8 Ne5
53. Nxh7 Ra8 54. h4 Rd8 55. Ng5 d4 56. Rb4 Kf6 57. Ne4+ Kg7 58. f4 Nc6 59. Rc4
Ne7 60. Rc7 Nf5+ 61. Kg4 d3 62. Nd2 Rd4 63. Rc3 e5 64. g3 e4 65. Nxe4 Rxe4 66.
Rxd3 Re3 67. Rxe3 Nxe3+ 68. Kf3 Nf5 69. Kg2 Nh6 70. Kh3 f5 71. Kg2 Ng4 72. Kh3
Kh6 73. Kg2 Kh5 74. Kf3 Nf6 75. Kg2 Kg4 76. Kh2 Ne4 77. Kg2 0-1

[Event "Xtracon Chess Open 2016"]
[Site "Elsinore"]
[Date "2016.07.26"]
[Round "5.113"]
[White "Larsen, Ulrik"]
[Black "Gula, Julian"]
[Result "1/2-1/2"]
[WhiteElo "1983"]
[BlackElo "1801"]
[PlyCount "113"]
[EventDate "2016.07.23"]

1. e4 e5 2. Nf3 Nc6 3. Bc4 Nf6 4. d3 Be7 5. O-O O-O 6. Nbd2 d6 7. c3 Na5 8. Bb5
a6 9. Ba4 c5 10. h3 b5 11. Bc2 Qc7 12. Re1 Nc6 13. Nf1 d5 14. Ng3 Rd8 15. Qe2
d4 16. Nh4 g6 17. Rf1 c4 18. f4 cxd3 19. Bxd3 dxc3 20. bxc3 Ng4 21. hxg4 Bxh4
22. Qf3 Qd7 23. Be2 Qxg4 24. Qxg4 Bxg4 25. Bxg4 Bxg3 26. f5 Ne7 27. Bg5 Ra7 28.
Rf3 Bf4 29. Bh4 g5 30. Bf2 Rad7 31. Rh3 Rd3 32. a4 Rxh3 33. gxh3 bxa4 34. Rxa4
Bd2 35. Bc5 Nc8 36. f6 Nd6 37. Bb6 Rb8 38. Rxa6 Nxe4 39. Bc7 Re8 40. Bxe5 Bxc3
41. Bxc3 Nxc3 42. Rd6 Ne4 43. Rc6 Rd8 44. Bf5 Ng3 45. Bd3 Nh5 46. Bc2 Nf4 47.
Kh2 Ne6 48. Be4 h6 49. Kg3 Kf8 50. Rc4 Rd6 51. Rc8+ Rd8 52. Rxd8+ Nxd8 53. Kg4
Ne6 54. Kh5 Nf4+ 55. Kxh6 Nxh3 56. Bf5 Nf4 57. Kxg5 1/2-1/2

[Event "Xtracon Chess Open 2016"]
[Site "Elsinore"]
[Date "2016.07.26"]
[Round "5.114"]
[White "Maselli, Daniel"]
[Black "Frisk, Hans"]
[Result "1/2-1/2"]
[WhiteElo "1751"]
[BlackElo "1981"]
[PlyCount "57"]
[EventDate "2016.07.23"]

1. d4 Nf6 2. Nf3 e6 3. Bg5 h6 4. Bh4 d6 5. e3 g5 6. Bg3 Nh5 7. Bd3 Bg7 8. Nbd2
Nd7 9. Qe2 Qe7 10. c3 f5 11. O-O-O Nxg3 12. hxg3 Nf6 13. e4 fxe4 14. Nxe4 Nxe4
15. Bxe4 Qf6 16. Qc2 O-O 17. Kb1 Bd7 18. Rh2 g4 19. Nh4 Be8 20. f3 d5 21. Bh7+
Kh8 22. f4 c5 23. Rhh1 cxd4 24. cxd4 Bf7 25. Bg6 Rac8 26. Qd3 Kg8 27. Bh7+ Kh8
28. Bg6 Kg8 29. Bh7+ 1/2-1/2

[Event "Xtracon Chess Open 2016"]
[Site "Elsinore"]
[Date "2016.07.26"]
[Round "5.115"]
[White "Taksrud, Vidar"]
[Black "Satre, Roger"]
[Result "1-0"]
[WhiteElo "1979"]
[BlackElo "1797"]
[PlyCount "61"]
[EventDate "2016.07.23"]

1. d4 Nf6 2. Nf3 d5 3. c4 c6 4. Nc3 Bf5 5. e3 e6 6. Be2 dxc4 7. Bxc4 b5 8. Bd3
Bxd3 9. Qxd3 a6 10. O-O c5 11. b3 Nc6 12. Rd1 cxd4 13. exd4 Nb4 14. Qe2 Nbd5
15. Nxd5 Nxd5 16. Bd2 Ba3 17. Rab1 Rc8 18. Qd3 Qd6 19. b4 Bxb4 20. Bxb4 Nxb4
21. Qa3 Rc4 22. Ne5 Rxd4 23. Rxd4 Qxd4 24. Nf3 Nc2 25. Qxa6 Qd7 26. Ne5 Qc7 27.
Qxb5+ Ke7 28. Nc6+ Ke8 29. Qb8+ Kd7 30. Ne5+ Kd6 31. Rd1+ 1-0

[Event "Xtracon Chess Open 2016"]
[Site "Elsinore"]
[Date "2016.07.26"]
[Round "5.116"]
[White "Svensson, Lars Ake"]
[Black "Zakariassen, Tom"]
[Result "1/2-1/2"]
[WhiteElo "1972"]
[BlackElo "1797"]
[PlyCount "34"]
[EventDate "2016.07.23"]

1. e4 c5 2. Nf3 Nc6 3. d3 e6 4. Nbd2 d5 5. g3 Nf6 6. Bg2 dxe4 7. dxe4 Be7 8.
O-O O-O 9. Re1 e5 10. c3 Qc7 11. Qc2 b6 12. Nc4 Be6 13. Ne3 Rfd8 14. Ng5 Bc8
15. Nd5 Qb7 16. Be3 h6 17. Nxf6+ Bxf6 1/2-1/2

[Event "Xtracon Chess Open 2016"]
[Site "Elsinore"]
[Date "2016.07.26"]
[Round "5.119"]
[White "Nielsen, Morten"]
[Black "Nielsen, Kai Gylling"]
[Result "1-0"]
[WhiteElo "1965"]
[BlackElo "1780"]
[PlyCount "71"]
[EventDate "2016.07.23"]

1. e4 c6 2. c4 g6 3. d4 d5 4. cxd5 cxd5 5. exd5 Qxd5 6. Nc3 Qd8 7. Bc4 Bg7 8.
Qb3 e6 9. d5 Bxc3+ 10. Qxc3 Qf6 11. Bb5+ Nd7 12. Bd2 a6 13. Bxd7+ Bxd7 14. Qxf6
Nxf6 15. Bc3 e5 16. Bxe5 Ke7 17. d6+ Ke6 18. f4 Rhe8 19. Nf3 Ng4 20. Ng5+ Kf5
21. Nxf7 Rf8 22. h3 Rxf7 23. hxg4+ Kxg4 24. Rc1 Bc6 25. O-O h5 26. Rc5 Rf5 27.
Rd1 Rd8 28. Rd3 h4 29. b4 g5 30. fxg5 Rdf8 31. Bf6 Rxc5 32. bxc5 Rf7 33. Be7
Bd7 34. Rd4+ Kg3 35. g6 Rg7 36. Bxh4# 1-0

[Event "Xtracon Chess Open 2016"]
[Site "Elsinore"]
[Date "2016.07.26"]
[Round "5.120"]
[White "Nielsen, Jorgen Kamp"]
[Black "Huse, Sigurd Kjelsbol"]
[Result "0-1"]
[WhiteElo "1727"]
[BlackElo "1963"]
[PlyCount "58"]
[EventDate "2016.07.23"]

1. e4 e5 2. f4 exf4 3. Nf3 Ne7 4. d4 d5 5. e5 Ng6 6. h4 Bg4 7. h5 Nh4 8. Bxf4
Bxh5 9. Nbd2 Be7 10. g3 Nxf3+ 11. Nxf3 Bxf3 12. Qxf3 Qd7 13. Bg2 Na6 14. Qxd5
Qxd5 15. Bxd5 O-O-O 16. Bxf7 Rxd4 17. Bg6 h6 18. c3 Rdd8 19. Rh2 Rhf8 20. Rd2
Nc5 21. Rad1 Ne6 22. Rf2 Rxd1+ 23. Kxd1 Bg5 24. Bh5 Bxf4 25. gxf4 Rxf4 26. Rxf4
Nxf4 27. Bg4+ Kd8 28. Kd2 Ng6 29. e6 Ke7 0-1

[Event "Xtracon Chess Open 2016"]
[Site "Elsinore"]
[Date "2016.07.26"]
[Round "5.121"]
[White "Andersen, Per O"]
[Black "Gottschalck, Christian"]
[Result "1-0"]
[WhiteElo "1962"]
[BlackElo "1778"]
[PlyCount "111"]
[EventDate "2016.07.23"]

1. d4 d5 2. c4 Nc6 3. Nf3 Bg4 4. Bf4 e6 5. Nc3 a6 6. cxd5 exd5 7. e3 Nf6 8. Be2
Be7 9. h3 Bh5 10. O-O O-O 11. g4 Bg6 12. Ne5 Ne8 13. Nxg6 hxg6 14. Bf3 g5 15.
Bg3 Nf6 16. Rc1 Rc8 17. Na4 Nb8 18. a3 b6 19. b4 Bd6 20. Bxd6 Qxd6 21. Qd3 Qd7
22. Qb3 Rfe8 23. Rc2 Re6 24. Rfc1 Rc6 25. Rxc6 Nxc6 26. Qc2 Ne7 27. Nb2 Ng6 28.
Be2 b5 29. Qc6 Qxc6 30. Rxc6 Ne4 31. Rxa6 c6 32. Bd3 Nh4 33. Bxe4 dxe4 34. Nd1
Nf3+ 35. Kg2 Nd2 36. Nc3 g6 37. Ne2 Nf3 38. Ng3 Nd2 39. Nf1 Nf3 40. Nh2 Ne1+
41. Kg3 Kg7 42. h4 gxh4+ 43. Kxh4 Rh8+ 44. Kg3 Rc8 45. Nf1 f5 46. g5 Rc7 47.
Nd2 Nc2 48. Kf4 Kf7 49. f3 exf3 50. Nxf3 Ke6 51. Ne5 Kd5 52. Nxg6 Kc4 53. Ne5+
Kb3 54. Rxc6 Rb7 55. g6 Rg7 56. Rf6 1-0

[Event "Xtracon Chess Open 2016"]
[Site "Elsinore"]
[Date "2016.07.26"]
[Round "5.122"]
[White "Justinussen, Sigurd B"]
[Black "Werner, Jakob"]
[Result "1-0"]
[WhiteElo "1959"]
[BlackElo "1733"]
[PlyCount "93"]
[EventDate "2016.07.23"]

1. e4 c6 2. d4 d5 3. Bd3 dxe4 4. Bxe4 Nf6 5. Bf3 Bf5 6. Ne2 e6 7. c4 Nbd7 8.
Nbc3 Rc8 9. O-O Be7 10. Ng3 Bg6 11. Qa4 O-O 12. Qxa7 Qc7 13. Qa4 Nb6 14. Qb3
Rfd8 15. Be3 h5 16. h3 Bd3 17. Be2 Bxe2 18. Ngxe2 Nbd7 19. Rfd1 Nf8 20. d5 c5
21. Bf4 e5 22. Nb5 Qb8 23. Bd2 Ne4 24. Ba5 Rd7 25. Qf3 Nd6 26. Nxd6 Rxd6 27.
Ng3 g6 28. Bc3 Rf6 29. Qe2 Nd7 30. Ne4 Rf5 31. g4 hxg4 32. hxg4 Rf4 33. Bd2
Rxe4 34. Qxe4 Nf6 35. Qe2 Kg7 36. Kg2 e4 37. Rh1 Bd6 38. g5 Nh5 39. Rxh5 gxh5
40. Rh1 Be5 41. b3 Re8 42. Qxh5 Rh8 43. Qxh8+ Qxh8 44. Rxh8 Kxh8 45. f3 exf3+
46. Kxf3 b6 47. Bf4 1-0

[Event "Xtracon Chess Open 2016"]
[Site "Elsinore"]
[Date "2016.07.26"]
[Round "5.123"]
[White "Rolvag, Birk Anders"]
[Black "Mansoor, Afras"]
[Result "1-0"]
[WhiteElo "1959"]
[BlackElo "1719"]
[PlyCount "79"]
[EventDate "2016.07.23"]

1. d4 Nf6 2. Nf3 e6 3. c4 b6 4. g3 Bb7 5. Bg2 Be7 6. Nc3 O-O 7. O-O Ne4 8. Bd2
f5 9. Ne5 d6 10. Nd3 Nxc3 11. Bxc3 Bxg2 12. Kxg2 g5 13. f4 g4 14. Rh1 h5 15. h3
Bf6 16. hxg4 hxg4 17. e4 Qd7 18. Qe2 Nc6 19. Qe3 Rae8 20. e5 Bg7 21. Rae1 d5
22. c5 b5 23. Nb4 Nxb4 24. Bxb4 c6 25. Ra1 Ra8 26. Ba5 a6 27. b4 Kf7 28. Bb6
Qb7 29. a4 Rg8 30. Ra3 Rh8 31. Rha1 Kg6 32. axb5 axb5 33. Ra7 Rxa7 34. Rxa7 Qc8
35. Qa3 Qe8 36. Qa6 Rh7 37. Qb7 Qg8 38. Qe7 Rh2+ 39. Kxh2 Qh7+ 40. Qh4 1-0

[Event "Xtracon Chess Open 2016"]
[Site "Elsinore"]
[Date "2016.07.26"]
[Round "5.124"]
[White "Rasmussen, Lars"]
[Black "Joensson, Jacob"]
[Result "1-0"]
[WhiteElo "1956"]
[BlackElo "1680"]
[PlyCount "79"]
[EventDate "2016.07.23"]

1. e4 c5 2. Nf3 Nc6 3. d4 cxd4 4. Nxd4 Nf6 5. Nc3 g6 6. Nxc6 bxc6 7. e5 Ng8 8.
Bc4 Bg7 9. Qf3 e6 10. Bf4 Qa5 11. Qe2 f6 12. exf6 Nxf6 13. Bd2 Qc7 14. O-O O-O
15. g3 d5 16. Bf4 Qe7 17. Bb3 Nd7 18. Nxd5 cxd5 19. Bxd5 Nc5 20. Bxa8 Ba6 21.
c4 Rxa8 22. Rfe1 Bxb2 23. Qxb2 Nd3 24. Qd4 Nxe1 25. Rxe1 Rc8 26. Bd6 Qf7 27. c5
Bb7 28. Qe3 Bd5 29. a4 Qf5 30. Rc1 Bc6 31. a5 Qd5 32. f3 Qxf3 33. Qxe6+ Kg7 34.
Be5+ Kh6 35. Qh3+ Kg5 36. Qh4+ Kf5 37. Qf6+ Ke4 38. Rc4+ Kd3 39. Rc3+ Ke2 40.
Rxf3 1-0

[Event "Xtracon Chess Open 2016"]
[Site "Elsinore"]
[Date "2016.07.26"]
[Round "5.125"]
[White "Skaale, Janus"]
[Black "Ukkelberg, Oyvind"]
[Result "1/2-1/2"]
[WhiteElo "1628"]
[BlackElo "1956"]
[PlyCount "81"]
[EventDate "2016.07.23"]

1. e4 c5 2. Nf3 a6 3. d4 cxd4 4. Nxd4 e6 5. Nc3 Nc6 6. Be3 Nge7 7. Qd2 Nxd4 8.
Bxd4 Nc6 9. Be3 b5 10. Bd3 Bb7 11. f3 Be7 12. O-O Rc8 13. Rfd1 O-O 14. Qf2 Ne5
15. Rac1 Qc7 16. Ne2 Bd6 17. h3 f5 18. f4 fxe4 19. Bb6 Qxb6 20. Qxb6 Bc5+ 21.
Qxc5 Rxc5 22. fxe5 Rxe5 23. Bxb5 Rxb5 24. Rxd7 e3 25. Rf1 Rxf1+ 26. Kxf1 Rxb2
27. Nd4 Bd5 28. Ke2 Rxa2 29. Kxe3 a5 30. Rc7 Bxg2 31. Nxe6 Bd5 32. Nxg7 Ra3+
33. c3 a4 34. Nh5 Bg2 35. Rg7+ Kh8 36. Rxg2 Rxc3+ 37. Kd2 Rc6 38. Re2 h6 39.
Re8+ Kh7 40. Ra8 Rc4 41. Ra6 1/2-1/2

[Event "Xtracon Chess Open 2016"]
[Site "Elsinore"]
[Date "2016.07.26"]
[Round "5.126"]
[White "Steenstrup, Svend"]
[Black "Jacobsen, Elise Sjottem"]
[Result "1/2-1/2"]
[WhiteElo "1951"]
[BlackElo "1611"]
[PlyCount "79"]
[EventDate "2016.07.23"]

1. Nf3 Nf6 2. d4 c5 3. d5 g6 4. Nc3 d6 5. e4 Bg7 6. h3 O-O 7. Bf4 Qa5 8. Nd2 a6
9. Nc4 Qc7 10. a4 Nbd7 11. Qd2 Rb8 12. a5 b5 13. axb6 Nxb6 14. Ra2 Nxc4 15.
Bxc4 Bd7 16. Bxa6 Ra8 17. O-O Qb6 18. Rfa1 Ra7 19. Bd3 Rfa8 20. Rxa7 Rxa7 21.
Rxa7 Qxa7 22. Qc1 Qa5 23. Bd2 Bc8 24. Nb5 Qb6 25. Qa1 Nxe4 26. Ba5 Qb7 27. Bxe4
Qxb5 28. c3 Qa6 29. Qa4 Kf8 30. Qc6 Qxc6 31. dxc6 e6 32. c7 d5 33. Bd3 c4 34.
Bc2 Be5 35. Ba4 Ke7 36. Bc6 Kd6 37. Be8 Ke7 38. Bc6 Kd6 39. Be8 Ke7 40. Bc6
1/2-1/2

[Event "Xtracon Chess Open 2016"]
[Site "Elsinore"]
[Date "2016.07.26"]
[Round "5.127"]
[White "Merkesvik, Amalie Isabel"]
[Black "Hjornevik, Knut J"]
[Result "0-1"]
[WhiteElo "1574"]
[BlackElo "1945"]
[PlyCount "96"]
[EventDate "2016.07.23"]

1. e4 e6 2. d4 d5 3. Nc3 Bb4 4. exd5 exd5 5. Bd3 Ne7 6. a3 Bd6 7. h3 Nbc6 8.
Nf3 a6 9. O-O Be6 10. Re1 Qd7 11. b4 b5 12. Ne5 Bxe5 13. dxe5 Ng6 14. f4 Nge7
15. Ne2 g5 16. c3 gxf4 17. Nxf4 Ng6 18. Qh5 O-O-O 19. Nxe6 fxe6 20. a4 d4 21.
axb5 dxc3 22. bxc6 Qxd3 23. Bg5 Rd5 24. Qe2 Qxe2 25. Rxe2 a5 26. Rc2 Nxe5 27.
Rxc3 Nxc6 28. Rxc6 Rxg5 29. Rxe6 Kd7 30. Re4 axb4 31. Rxb4 Rhg8 32. Rb2 R8g7
33. Rd2+ Kc8 34. Rc1 R5g6 35. Kh2 c6 36. g4 Kc7 37. Rc4 Rd7 38. Rxd7+ Kxd7 39.
Kg3 Kd6 40. h4 Kd5 41. Rf4 Rg7 42. Rf5+ Kc4 43. Rf4+ Kb5 44. Rf5+ c5 45. g5 Kb4
46. Rf1 c4 47. Kg4 c3 48. h5 c2 0-1

[Event "Xtracon Chess Open 2016"]
[Site "Elsinore"]
[Date "2016.07.26"]
[Round "5.128"]
[White "Bluebaum, Johanna"]
[Black "Trasti, Nora Christine"]
[Result "1-0"]
[WhiteElo "1939"]
[BlackElo "1367"]
[PlyCount "37"]
[EventDate "2016.07.23"]

1. d4 d5 2. c4 dxc4 3. Nc3 Nc6 4. d5 Ne5 5. Bf4 Ng6 6. Bg3 Nf6 7. e4 e5 8. Bxc4
Bb4 9. Qa4+ Bd7 10. Qxb4 Rb8 11. Nf3 a6 12. Nxe5 Nxe5 13. Bxe5 b5 14. Be2 Rb6
15. O-O h5 16. Bd4 Rb8 17. e5 Ng8 18. e6 fxe6 19. Bxg7 1-0

[Event "Xtracon Chess Open 2016"]
[Site "Elsinore"]
[Date "2016.07.26"]
[Round "5.129"]
[White "Linjord, David Jess"]
[Black "Nielsen, Carsten Juul"]
[Result "0-1"]
[WhiteElo "1488"]
[BlackElo "1939"]
[PlyCount "76"]
[EventDate "2016.07.23"]

1. c4 c6 2. g3 Nf6 3. Bg2 d5 4. cxd5 cxd5 5. d4 Bf5 6. Nc3 e6 7. a3 Bd6 8. Nf3
h6 9. O-O Nbd7 10. Nb5 Bb8 11. b3 Qa5 12. a4 a6 13. Bd2 Qb6 14. a5 Qxb5 15. Rc1
Bd6 16. Nh4 Bh7 17. f4 O-O 18. f5 Rac8 19. Rf3 Bb4 20. Bxh6 gxh6 21. Bh3 e5 22.
g4 exd4 23. Kh1 Rc3 24. Rcxc3 dxc3 25. Rg3 Ne4 26. Rg2 Qc5 27. Qc1 c2 28. g5
Bd2 29. gxh6+ Kh8 30. Qa1+ d4 31. Qg1 c1=Q 32. Ng6+ fxg6 33. fxg6 Bxg6 34. Rxg6
Nf2+ 35. Kg2 Qd5+ 36. e4 Qxe4+ 37. Kg3 Qxg1+ 38. Bg2 Qgxg2# 0-1

[Event "Xtracon Chess Open 2016"]
[Site "Elsinore"]
[Date "2016.07.26"]
[Round "5.131"]
[White "Rasmussen, Jonas H"]
[Black "Garberg, Tore"]
[Result "1/2-1/2"]
[WhiteElo "1805"]
[BlackElo "1989"]
[PlyCount "92"]
[EventDate "2016.07.23"]

1. d4 Nf6 2. c4 c5 3. Nf3 g6 4. e3 Bg7 5. Be2 O-O 6. O-O cxd4 7. exd4 d5 8. b3
Nc6 9. Bb2 Bg4 10. c5 Ne4 11. h3 Bxf3 12. Bxf3 e5 13. Bxe4 dxe4 14. d5 Nd4 15.
Nc3 f5 16. d6 Qa5 17. Na4 Rac8 18. Rc1 Rfd8 19. Kh1 b5 20. cxb6 axb6 21. Rxc8
Rxc8 22. d7 Rd8 23. Qc1 Qb5 24. Re1 Bf8 25. Qc7 Rxd7 26. Qxb6 Qxb6 27. Nxb6 Ra7
28. Na4 Rc7 29. Rd1 Rc2 30. Kg1 Bg7 31. Kf1 Kf7 32. Rc1 Rxc1+ 33. Bxc1 Bf8 34.
Nb6 Ke6 35. Nc4 f4 36. Bd2 Kd5 37. Bc1 g5 38. Nb6+ Kc6 39. Nc4 Kd5 40. Bd2 h5
41. Ba5 g4 42. hxg4 hxg4 43. Bc7 Bg7 44. Ba5 Bf8 45. Bc7 Bg7 46. Ba5 Bf8
1/2-1/2

[Event "Xtracon Chess Open 2016"]
[Site "Elsinore"]
[Date "2016.07.26"]
[Round "5.132"]
[White "Bering, Anders"]
[Black "Rasmussen, Henning"]
[Result "1-0"]
[WhiteElo "1967"]
[BlackElo "1779"]
[PlyCount "77"]
[EventDate "2016.07.23"]

1. d4 d5 2. Nf3 Nf6 3. c4 e6 4. g3 Bb4+ 5. Bd2 Bxd2+ 6. Qxd2 Ne4 7. Qd1 O-O 8.
Bg2 b6 9. Nc3 Nxc3 10. bxc3 Bb7 11. O-O Nd7 12. Nd2 Nf6 13. cxd5 exd5 14. c4 c6
15. Re1 Re8 16. a4 Rb8 17. e3 c5 18. dxc5 bxc5 19. Rb1 Bc6 20. Rxb8 Qxb8 21.
Qc2 Qc7 22. Rc1 d4 23. exd4 Bxg2 24. Kxg2 cxd4 25. Nf3 Qc6 26. Qd3 Qxa4 27.
Qxd4 a5 28. Ra1 Qb4 29. c5 Rc8 30. c6 Kf8 31. Ra4 Qxd4 32. Nxd4 g6 33. Rxa5 Rc7
34. Kf3 Ne8 35. Ra8 Ke7 36. Ke4 Nf6+ 37. Ke5 Ng4+ 38. Kd5 Nxf2 39. Nb5 1-0

[Event "Xtracon Chess Open 2016"]
[Site "Elsinore"]
[Date "2016.07.26"]
[Round "5.133"]
[White "Choong, Liong-On Mark"]
[Black "Andberg, Tor Arne Heim"]
[Result "0-1"]
[WhiteElo "1944"]
[BlackElo "1727"]
[PlyCount "72"]
[EventDate "2016.07.23"]

1. c4 e5 2. g3 Nf6 3. Nc3 Bb4 4. Bg2 O-O 5. a3 Bxc3 6. bxc3 c6 7. d4 d6 8. e3
Qc7 9. Ne2 Bf5 10. O-O Re8 11. a4 Be4 12. Ba3 Bxg2 13. Kxg2 c5 14. Qd3 Nbd7 15.
a5 Qxa5 16. f4 Qc7 17. fxe5 dxe5 18. Rf5 b6 19. Rd1 g6 20. Rff1 Rad8 21. Nc1
exd4 22. cxd4 Ne4 23. Bb2 h5 24. Rf4 f5 25. Ne2 Ndf6 26. d5 Qd6 27. Rf3 Re7 28.
Nf4 Kh7 29. Qf1 Ng5 30. Bxf6 Qxf6 31. d6 Red7 32. Nd5 Qe6 33. Rf2 Rxd6 34. Ra2
a5 35. Qf4 Ne4 36. Raa1 Nf6 0-1

[Event "Xtracon Chess Open 2016"]
[Site "Elsinore"]
[Date "2016.07.26"]
[Round "5.134"]
[White "Rasdal, Yngve"]
[Black "Holmstrom, Johan Ravnborg"]
[Result "1/2-1/2"]
[WhiteElo "1794"]
[BlackElo "1942"]
[PlyCount "37"]
[EventDate "2016.07.23"]

1. d4 Nf6 2. c4 e6 3. g3 Bb4+ 4. Bd2 a5 5. Bg2 d5 6. a3 Bxd2+ 7. Nxd2 O-O 8.
Ngf3 c6 9. O-O b6 10. Qc2 Ba6 11. Rfe1 Nbd7 12. Rac1 Rc8 13. e4 dxe4 14. Nxe4
Nxe4 15. Qxe4 Nf6 16. Qh4 Nd7 17. Qe4 Nf6 18. Qh4 Nd7 19. Qe4 1/2-1/2